000 00535nam a22001457a 4500
020 _a5037-5000-01-1105
082 _a080
_bGOV/R
100 _aGOVINDAN, K
245 _aREIKI
260 _aTHRISSUR
_bH & C PUBLISHING HOUSE
_c2005
300 _a96
520 _aReiki, pronounced 'ray-key', is a Japanese form of therapy that aims to increase energy levels and promote relaxation and wellbeing. Developed in the late 19th century, reiki is applied through non-invasive, non-manipulative gentle touch.
650 _aHEALTH
942 _cBK
999 _c6764
_d6764